000 00275nam a22001097a 4500
082 _a621.3813 HAM
100 _aHAMILTON,DONALD.R:KNIPP,JULLIAN.K
_973685
245 _aKLYSTRONS AND MICROWAVE TRIODES
260 _aNEW YORK
_bMCGRAW HILL
_c1948
300 _a531P
942 _cBK
999 _c579335
_d579335